[Event "CAN-ch U20 U1800"]
[Site "Toronto CAN"]
[Date "2019.08.08"]
[Round "2.34"]
[White "Lin, Joey"]
[Black "Zhong, April Yunwei"]
[Result "0-1"]
[WhiteElo "1450"]
[BlackElo "1376"]
[PlyCount "202"]
[EventDate "2019.08.08"]
[EventType "swiss"]
[EventRounds "8"]
[EventCountry "CAN"]

1. e4 c5 2. Nf3 d6 3. d3 Nf6 4. g3 e6 5. Bg2 Nc6 6. O-O Be7 7. Re1 Qc7 8. Nbd2
O-O 9. Nf1 Bd7 10. h4 Rfe8 11. N1h2 Nd4 12. c3 Nxf3+ 13. Qxf3 e5 14. g4 Kh8 15.
g5 Ng8 16. Ng4 Rf8 17. h5 Qd8 18. Qg3 Bxg5 19. Ne3 Bh6 20. Nf5 Bxf5 21. exf5
Rb8 22. Re4 Bxc1 23. Rxc1 Nh6 24. Bh3 Qf6 25. d4 cxd4 26. cxd4 Nxf5 27. Bxf5
Qxf5 28. Rg4 Qf6 29. Rc3 exd4 30. Rf3 Qh6 31. Rxd4 Qxh5 32. Rfd3 Rbc8 33. Kg2
Rc1 34. Rh4 Qb5 35. Rg4 Qc6+ 36. Rf3 Rg8 37. Rgf4 f6 38. Rd4 Rc5 39. Rxd6 Qc7
40. Rd4 Qxg3+ 41. Rxg3 Rc7 42. Ra4 a6 43. Rb4 h6 44. Rgb3 b5 45. Ra3 Ra8 46.
Rd4 Rc6 47. Rd5 Rb6 48. b4 Rc8 49. Rd4 Rc4 50. Rd8+ Kh7 51. Ra8 Rxb4 52. R8xa6
Rxa6 53. Rxa6 Ra4 54. Rb6 b4 55. Rb5 Kg6 56. Kg3 f5 57. Rb6+ Kg5 58. Rb7 g6 59.
Rb6 Rxa2 60. Rxb4 Ra1 61. Kg2 Ra3 62. Rb6 Kh5 63. Rb5 Ra4 64. Rb3 Rg4+ 65. Kh2
g5 66. Rb5 f4 67. Rb3 Rh4+ 68. Kg2 Kg4 69. Rc3 Kf5 70. Ra3 g4 71. Ra5+ Ke6 72.
Ra6+ Kd5 73. Ra5+ Kc6 74. Ra4 g3 75. Ra6+ Kb5 76. Rf6 Rh2+ 77. Kg1 Rxf2 78.
Rxh6 Kc4 79. Rd6 Kc3 80. Rd8 Rb2 81. Rf8 Rb1+ 82. Kg2 Rb2+ 83. Kg1 Rb4 84. Kg2
Kd2 85. Rd8+ Ke3 86. Re8+ Re4 87. Rf8 Rb4 88. Re8+ Kd4 89. Rd8+ Ke5 90. Re8+
Kd6 91. Re1 Rb2+ 92. Kg1 f3 93. Rf1 Rg2+ 94. Kh1 Rh2+ 95. Kg1 f2+ 96. Rxf2 Rxf2
97. Kh1 Ra2 98. Kg1 Ke5 99. Kf1 Ke4 100. Kg1 Kf3 101. Kh1 Ra1# 0-1

[Event "CAN-ch U20 U1800"]
[Site "Toronto CAN"]
[Date "2019.08.08"]
[Round "2.35"]
[White "Zhou, Johnson"]
[Black "Lin, Ethan"]
[Result "0-1"]
[WhiteElo "1358"]
[BlackElo "1448"]
[PlyCount "60"]
[EventDate "2019.08.08"]
[EventType "swiss"]
[EventRounds "8"]
[EventCountry "CAN"]

1. e4 c5 2. c3 Nf6 3. e5 Nd5 4. Bc4 Nb6 5. Bb3 e6 6. Nf3 Nc6 7. d4 cxd4 8. cxd4
d6 9. O-O Be7 10. Be3 O-O 11. Nc3 a6 12. Qc2 d5 13. a3 Na5 14. Ba2 Nac4 15. Bb1
g6 16. Bh6 Re8 17. Ra2 Bf8 18. Qc1 f6 19. Bxf8 Rxf8 20. Qh6 fxe5 21. Bxg6 Qe7
22. Bc2 e4 23. Ng5 Rf6 24. Qh5 Rg6 25. Nh3 Qf7 26. Qh4 Bd7 27. f3 Nd2 28. Rf2
Nxf3+ 29. Rxf3 Qxf3 30. Ng5 Qe3+ 0-1

[Event "CAN-ch U20 U1800"]
[Site "Toronto CAN"]
[Date "2019.08.08"]
[Round "2.36"]
[White "Khan, Riley"]
[Black "Guo, Anni"]
[Result "0-1"]
[WhiteElo "1445"]
[BlackElo "1300"]
[PlyCount "31"]
[EventDate "2019.08.08"]
[EventType "swiss"]
[EventRounds "8"]
[EventCountry "CAN"]

1. b4 e5 2. Bb2 e4 3. a3 d5 4. c4 dxc4 5. Qc2 Nf6 6. Qxc4 Be6 7. Qc2 Nbd7 8.
Nh3 h6 9. Nc3 Bf5 10. Nf4 Bd6 11. Nfd5 O-O 12. g4 Bg6 13. Ne3 Bf4 14. Ncd5 Nxd5
15. Nxd5 e3 16. Qc4 0-1

[Event "CAN-ch U20 U1800"]
[Site "Toronto CAN"]
[Date "2019.08.08"]
[Round "2.37"]
[White "Wu, Ingrid"]
[Black "Jeyakumar, Yathushan"]
[Result "0-1"]
[WhiteElo "1313"]
[BlackElo "1442"]
[PlyCount "112"]
[EventDate "2019.08.08"]
[EventType "swiss"]
[EventRounds "8"]
[EventCountry "CAN"]

1. e4 c5 2. Nf3 e6 3. d4 cxd4 4. Nxd4 Nf6 5. Nc3 Bb4 6. f3 Qc7 7. Bd2 a6 8. Bd3
O-O 9. Qe2 Nc6 10. Nb3 Ne5 11. a3 Be7 12. Be3 b5 13. O-O Nxd3 14. Qxd3 Bb7 15.
Rad1 Rfd8 16. Qd2 d5 17. exd5 Nxd5 18. Nxd5 Bxd5 19. Qf2 Rab8 20. Rfe1 Bd6 21.
g3 Qb7 22. Rf1 Bc4 23. Na5 Qc7 24. Nxc4 Qxc4 25. Bb6 Rxb6 26. Kh1 Rbb8 27. Rfe1
Bc5 28. Qg2 Rxd1 29. Rxd1 h6 30. b3 Qc3 31. b4 Bb6 32. h3 Qxa3 33. Rb1 Qc3 34.
Rb3 Qc4 35. Rb1 Rc8 36. Ra1 Qxc2 37. Qxc2 Rxc2 38. Rxa6 Bc7 39. Ra8+ Kh7 40.
Rc8 Rc4 41. f4 Bd6 42. Rd8 Be7 43. Rd7 Bf6 44. Rxf7 Rxb4 45. Rb7 Rb2 46. Rb6 e5
47. fxe5 Bxe5 48. g4 b4 49. Rb5 Bf6 50. Kg1 b3 51. Kf1 Rb1+ 52. Ke2 b2 53. Kd2
Rc1 54. h4 b1=Q 55. Rxb1 Rxb1 56. h5 Rg1 0-1

[Event "CAN-ch U20 U1800"]
[Site "Toronto CAN"]
[Date "2019.08.08"]
[Round "2.38"]
[White "Xu, Xinge"]
[Black "Yang, Lefan"]
[Result "0-1"]
[WhiteElo "1282"]
[BlackElo "1394"]
[PlyCount "72"]
[EventDate "2019.08.08"]
[EventType "swiss"]
[EventRounds "8"]
[EventCountry "CAN"]

1. e4 c5 2. Nf3 Nc6 3. c3 d6 4. d4 cxd4 5. cxd4 Bg4 6. Be3 Nf6 7. Nc3 g6 8. Bb5
a6 9. Ba4 b5 10. Nxb5 axb5 11. Bxb5 Qa5+ 12. Qd2 Qxb5 13. Qc2 Nb4 14. Qb1 Nd3+
15. Kd2 Nxe4+ 16. Kd1 Nexf2+ 17. Bxf2 Nxf2+ 18. Kd2 Bh6+ 19. Ke1 Nxh1 20. Qe4
Bxf3 21. Qxf3 O-O 22. Qe2 Qb4+ 23. Kf1 Qxd4 24. Rd1 Qf6+ 25. Kg1 Rxa2 26. Kxh1
Rxb2 27. Qf3 Qxf3 28. gxf3 Rf2 29. Re1 Ra8 30. Kg1 Raa2 31. Rxe7 Rxh2 32. Re8+
Kg7 33. Re1 Rag2+ 34. Kf1 Ra2 35. Kg1 Bf4 36. Kf1 Rh1# 0-1

[Event "CAN-ch U20 U1800"]
[Site "Toronto CAN"]
[Date "2019.08.09"]
[Round "3.22"]
[White "Stoica, Savas Marin"]
[Black "Jeyakumar, Bhavatharshan"]
[Result "0-1"]
[WhiteElo "1605"]
[BlackElo "1657"]
[PlyCount "90"]
[EventDate "2019.08.08"]
[EventType "swiss"]
[EventRounds "8"]
[EventCountry "CAN"]

1. e4 c5 2. Nf3 e6 3. d4 cxd4 4. Nxd4 Nc6 5. Be3 a6 6. Bd3 Qc7 7. O-O Nf6 8. c3
Be7 9. f4 d5 10. e5 Nd7 11. Qg4 Bf8 12. a4 Nxd4 13. Bxd4 Nc5 14. Bc2 h5 15. Qe2
Be7 16. b4 Nd7 17. f5 Nb6 18. Nd2 Bd7 19. Qf2 Nc4 20. Nxc4 Qxc4 21. fxe6 Bxe6
22. Bf5 Qc8 23. a5 Qd7 24. Bd3 Bd8 25. Rfb1 Qe7 26. b5 Bd7 27. bxa6 bxa6 28.
Bb6 Rh6 29. Bxd8 Qxd8 30. Rb6 Rc6 31. Qd4 Qc8 32. Ra3 Be6 33. Rab3 Ke7 34. Rb7+
Ke8 35. Qb4 Bd7 36. Bf5 Rc7 37. Bd3 Rc6 38. Be2 g6 39. Bf3 Rc5 40. Qd4 Be6 41.
Qa4+ Bd7 42. Qb4 Bb5 43. Bxd5 Qf5 44. Bxf7+ Kd8 45. Qxc5 Qf1# 0-1

[Event "CAN-ch U20 U1800"]
[Site "Toronto CAN"]
[Date "2019.08.09"]
[Round "3.23"]
[White "Darvekar, Yash"]
[Black "Yang, Brett"]
[Result "1/2-1/2"]
[WhiteElo "1628"]
[BlackElo "1575"]
[PlyCount "73"]
[EventDate "2019.08.08"]
[EventType "swiss"]
[EventRounds "8"]
[EventCountry "CAN"]

1. e4 e6 2. d4 d5 3. e5 c5 4. c3 Nc6 5. Nf3 Qb6 6. a3 cxd4 7. cxd4 g6 8. b3 Bg7
9. Bb2 f6 10. Bd3 fxe5 11. dxe5 Nh6 12. O-O O-O 13. Nbd2 Nf5 14. Bxf5 Rxf5 15.
Qe2 Bd7 16. b4 Na5 17. Bd4 Bb5 18. Qe3 Qa6 19. Rfc1 Nc4 20. Nxc4 Bxc4 21. a4 b6
22. a5 b5 23. g4 Rf7 24. Bc5 Bf8 25. Ng5 Rc7 26. Bd6 Bxd6 27. exd6 Qxd6 28.
Qxe6+ Qxe6 29. Nxe6 Re7 30. Nc5 Re2 31. Re1 Rae8 32. Rxe2 Rxe2 33. Rd1 Kf7 34.
Kg2 Kf6 35. Nd7+ Ke7 36. Nc5 Kd6 37. Nb7+ 1/2-1/2

[Event "CAN-ch U20 U1800"]
[Site "Toronto CAN"]
[Date "2019.08.09"]
[Round "3.24"]
[White "Petrovic, Milos"]
[Black "Wang, Eric"]
[Result "1/2-1/2"]
[WhiteElo "1610"]
[BlackElo "1530"]
[PlyCount "67"]
[EventDate "2019.08.08"]
[EventType "swiss"]
[EventRounds "8"]
[EventCountry "CAN"]

1. e4 e5 2. Nf3 Nc6 3. Bc4 Bc5 4. d3 Nf6 5. c3 d6 6. h3 a6 7. Nbd2 Ba7 8. Bb3
h6 9. Nf1 Be6 10. Bc2 d5 11. Qe2 Qd6 12. Ng3 O-O-O 13. O-O g5 14. Re1 Rde8 15.
Ba4 Nd7 16. Bxc6 Qxc6 17. Be3 Bxe3 18. Qxe3 dxe4 19. dxe4 f6 20. Nh5 Re7 21. b3
Bf7 22. Ng3 Bg6 23. Nf5 Bxf5 24. exf5 Rd8 25. Nd4 Qb6 26. Ne6 Qxe3 27. Rxe3
Rde8 28. Rd3 Nf8 29. Nc5 Nd7 30. Ne4 Rf7 31. Rad1 Nb8 32. f3 Nc6 33. Nc5 Rd8
34. Kf2 1/2-1/2

[Event "CAN-ch U20 U1800"]
[Site "Toronto CAN"]
[Date "2019.08.09"]
[Round "3.25"]
[White "Gao, Lucy"]
[Black "Zhang, Henry X"]
[Result "0-1"]
[WhiteElo "1628"]
[BlackElo "1589"]
[PlyCount "100"]
[EventDate "2019.08.08"]
[EventType "swiss"]
[EventRounds "8"]
[EventCountry "CAN"]

1. e4 c5 2. Nf3 e6 3. Nc3 Nc6 4. Bb5 a6 5. Bxc6 bxc6 6. O-O d6 7. d3 Nf6 8. e5
dxe5 9. Nxe5 Qc7 10. Bf4 Bd6 11. Qf3 Bb7 12. Ne4 Bxe5 13. Bg3 Nxe4 14. Qxe4
Bxg3 15. fxg3 O-O 16. Rf4 Qd7 17. Qe5 Qe7 18. Raf1 Rad8 19. Qh5 Rd5 20. Qf3 Rd4
21. Qe3 Rxf4 22. Rxf4 Qg5 23. Qf2 Qe5 24. c3 Qd5 25. Qc2 Qxa2 26. Rc4 Qa5 27.
h3 Qc7 28. Kh2 Qd6 29. Qe2 f5 30. Qe3 Kh8 31. Rxc5 f4 32. gxf4 Qxf4+ 33. Qxf4
Rxf4 34. Re5 Rf6 35. g4 h6 36. Kg3 g6 37. Rc5 Kg7 38. b4 g5 39. Kg2 Kg6 40. Kg3
h5 41. h4 gxh4+ 42. Kxh4 hxg4 43. Kxg4 Rf5 44. Ra5 Rxa5 45. bxa5 c5 46. Kf4 Kf6
47. d4 c4 48. Ke3 Kf5 49. Kd2 Kf4 50. Kc2 Ke3 0-1

[Event "CAN-ch U20 U1800"]
[Site "Toronto CAN"]
[Date "2019.08.09"]
[Round "3.26"]
[White "Wang, Derek"]
[Black "Wang, Andrew"]
[Result "1-0"]
[WhiteElo "1370"]
[BlackElo "1495"]
[PlyCount "51"]
[EventDate "2019.08.08"]
[EventType "swiss"]
[EventRounds "8"]
[EventCountry "CAN"]

1. Nf3 d5 2. c4 Nf6 3. cxd5 Bf5 4. Nc3 c6 5. dxc6 Nxc6 6. d4 e6 7. e3 Bb4 8.
Bd3 Ne4 9. Bxe4 Bxe4 10. Bd2 Bxc3 11. Bxc3 f6 12. Qe2 Qd7 13. O-O Qd5 14. Rfd1
h5 15. Ne1 Qd7 16. Nd3 b6 17. f3 Bh7 18. Nf4 h4 19. d5 exd5 20. Nxd5 Qb7 21.
Qb5 O-O-O 22. Rac1 Rd6 23. Bb4 Re6 24. Ne7+ Rxe7 25. Bxe7 Qxe7 26. Qxc6+ 1-0

[Event "CAN-ch U20 U1800"]
[Site "Toronto CAN"]
[Date "2019.08.09"]
[Round "3.27"]
[White "Jeyakumar, Yathushan"]
[Black "Selva, Karthik B"]
[Result "0-1"]
[WhiteElo "1442"]
[BlackElo "1768"]
[PlyCount "124"]
[EventDate "2019.08.08"]
[EventType "swiss"]
[EventRounds "8"]
[EventCountry "CAN"]

1. e4 d6 2. d4 Nf6 3. Nc3 g6 4. Nf3 Bg7 5. Bc4 O-O 6. h3 Nxe4 7. Nxe4 d5 8.
Bxd5 Qxd5 9. Nc3 Qd8 10. O-O b6 11. Be3 Bb7 12. Ne5 Nd7 13. Nxd7 Qxd7 14. Qd2
Rfd8 15. Rad1 h5 16. Ne2 Qd5 17. f3 Qxa2 18. c3 Qd5 19. Rfe1 e5 20. Qc2 Qe6 21.
Ng3 Re8 22. Bf2 Qc6 23. d5 Qd7 24. c4 c6 25. d6 c5 26. Ne4 Bxe4 27. Qxe4 Rac8
28. Bg3 Rc6 29. Qd5 Re6 30. Qxc6 Qxc6 31. d7 Bf6 32. d8=Q+ Bxd8 33. Rxd8+ Re8
34. Rxe8+ Qxe8 35. Rxe5 Qd8 36. Rd5 Qe8 37. Be5 f6 38. Bxf6 Qe3+ 39. Kf1 Qc1+
40. Kf2 Qxc4 41. Rd7 Qc2+ 42. Kg1 a6 43. Rd6 b5 44. Rxa6 b4 45. Rc6 Qc1+ 46.
Kf2 Qd2+ 47. Kg1 Qd5 48. Rb6 c4 49. Rb8+ Kf7 50. Rd8 Qc5+ 51. Bd4 Qc6 52. Kf2
c3 53. bxc3 bxc3 54. Bxc3 Qxc3 55. Ke2 Qc2+ 56. Rd2 Qc4+ 57. Ke1 Kf6 58. Kf2 g5
59. Ke1 Qc1+ 60. Ke2 Ke5 61. Ke3 Qc3+ 62. Rd3 Qe1# 0-1

[Event "CAN-ch U20 U1800"]
[Site "Toronto CAN"]
[Date "2019.08.09"]
[Round "3.28"]
[White "Uthayakumar, Ronan"]
[Black "Prasanna, Shreyas"]
[Result "1-0"]
[WhiteElo "1704"]
[BlackElo "1412"]
[PlyCount "47"]
[EventDate "2019.08.08"]
[EventType "swiss"]
[EventRounds "8"]
[EventCountry "CAN"]

1. e4 e6 2. d4 d5 3. Nc3 Bb4 4. e5 c5 5. a3 Ba5 6. Nf3 cxd4 7. Nxd4 Nc6 8. Bb5
Bd7 9. Bxc6 bxc6 10. b4 Bc7 11. Qe2 a6 12. O-O Ne7 13. Na4 O-O 14. Nc5 a5 15.
Bg5 Re8 16. bxa5 Bxa5 17. Qg4 Qc7 18. Rab1 Bc8 19. h4 Bb6 20. Ncb3 Bxd4 21.
Nxd4 Ng6 22. h5 Nf8 23. Bf6 g6 24. Qg5 1-0

[Event "CAN-ch U20 U1800"]
[Site "Toronto CAN"]
[Date "2019.08.09"]
[Round "3.29"]
[White "Wang, Rachel"]
[Black "Yang, Lefan"]
[Result "1-0"]
[WhiteElo "1646"]
[BlackElo "1394"]
[PlyCount "79"]
[EventDate "2019.08.08"]
[EventType "swiss"]
[EventRounds "8"]
[EventCountry "CAN"]

1. d4 Nf6 2. c4 g6 3. Nc3 Bg7 4. e4 d6 5. Nf3 Bg4 6. Be2 Bxf3 7. Bxf3 c6 8. O-O
Nbd7 9. Be3 O-O 10. Be2 e5 11. f3 Ne8 12. d5 f5 13. b4 f4 14. Bf2 g5 15. Qd2
Qe7 16. Rfd1 h5 17. dxc6 bxc6 18. c5 Rf6 19. b5 Nxc5 20. bxc6 Qf8 21. Qd5+ Kh8
22. Nb5 Na6 23. Rdc1 Nac7 24. Nxc7 Nxc7 25. Qa5 Rf7 26. Rab1 Qc8 27. Rb7 Kg8
28. Rxa7 Rxa7 29. Qxa7 Nd5 30. Qa6 Qxa6 31. Bxa6 Nc7 32. Bc4 d5 33. exd5 Rf6
34. d6+ Ne6 35. c7 Rf8 36. Bxe6+ Kh8 37. c8=Q Rxc8 38. Rxc8+ Kh7 39. d7 Bf6 40.
d8=Q 1-0

[Event "CAN-ch U20 U1800"]
[Site "Toronto CAN"]
[Date "2019.08.09"]
[Round "3.30"]
[White "Sokol, Anna"]
[Black "Yang, Larry"]
[Result "0-1"]
[WhiteElo "1588"]
[BlackElo "1378"]
[PlyCount "109"]
[EventDate "2019.08.08"]
[EventType "swiss"]
[EventRounds "8"]
[EventCountry "CAN"]

1. e4 e5 2. Nf3 Nc6 3. Bb5 a6 4. Ba4 Nf6 5. c3 Nxe4 6. Qe2 Nf6 7. Bxc6 dxc6 8.
Qxe5+ Be7 9. O-O O-O 10. h3 Re8 11. d4 Bf8 12. Qa5 Be6 13. Bg5 Bc4 14. Re1
Rxe1+ 15. Nxe1 Bb5 16. b4 b6 17. Qa3 a5 18. Qb2 axb4 19. cxb4 Qe8 20. Nc3 Nd5
21. Nxb5 cxb5 22. a3 g6 23. Nf3 Bg7 24. Re1 Qf8 25. Qb3 Qd6 26. Qd3 f6 27. Bc1
c6 28. Bb2 Rf8 29. Re4 Qd7 30. Re1 Ne7 31. Qe4 Rf7 32. Qc2 Nf5 33. Rc1 Ne7 34.
a4 bxa4 35. Qxa4 Bh6 36. Rc2 Qf5 37. Qb3 Bf4 38. Re2 Kg7 39. Re1 Qb5 40. Bc3
Nd5 41. g3 Bd6 42. Rb1 Qd3 43. Be1 Qf5 44. Kg2 Re7 45. b5 c5 46. dxc5 Bxc5 47.
Rd1 Nc7 48. Qc4 Re4 49. Qd3 Qe6 50. Bc3 Re2 51. Bd4 Bxd4 52. Nxd4 Qd5+ 53. Kg1
Re8 54. Qf1 Rd8 55. Ne6+ 0-1

[Event "CAN-ch U20 U1800"]
[Site "Toronto CAN"]
[Date "2019.08.09"]
[Round "3.31"]
[White "Zhong, April Yunwei"]
[Black "Zhuang, Winnie"]
[Result "1/2-1/2"]
[WhiteElo "1376"]
[BlackElo "1537"]
[PlyCount "104"]
[EventDate "2019.08.08"]
[EventType "swiss"]
[EventRounds "8"]
[EventCountry "CAN"]

1. d4 Nf6 2. Nf3 g6 3. Bg5 Bg7 4. e3 d5 5. Bd3 Bg4 6. Nbd2 Nbd7 7. h3 Be6 8. c3
Nb6 9. Qc2 O-O 10. h4 Bg4 11. Ne5 Nbd7 12. Nxg4 Nxg4 13. h5 Qe8 14. f3 Ngf6 15.
hxg6 fxg6 16. O-O-O c6 17. Bh6 b5 18. Qb1 a5 19. g4 b4 20. c4 dxc4 21. Bxc4+ e6
22. Bxg7 Kxg7 23. g5 Nd5 24. Rde1 N7b6 25. Rh3 Qe7 26. f4 Nxc4 27. Nxc4 c5 28.
Reh1 Rh8 29. Qd3 cxd4 30. Qxd4+ Kg8 31. Ne5 Rc8+ 32. Kb1 Qc7 33. Qd2 Kg7 34.
Rc1 Qxc1+ 35. Qxc1 Rxc1+ 36. Kxc1 Rc8+ 37. Kd2 Rd8 38. Kc2 a4 39. Nd3 Rc8+ 40.
Kd2 b3 41. axb3 axb3 42. Ne1 Rc4 43. Rf3 h5 44. gxh6+ Kxh6 45. Rh3+ Kg7 46. Rf3
Kf6 47. Rg3 Nb4 48. Kd1 Nc2 49. Nd3 Re4 50. Kd2 Kf5 51. Rg5+ Kf6 52. Rg3 Kf5
1/2-1/2

[Event "CAN-ch U20 U1800"]
[Site "Toronto CAN"]
[Date "2019.08.09"]
[Round "3.32"]
[White "Mugunthan, Vaamanan"]
[Black "Zhang, Joyce"]
[Result "1-0"]
[WhiteElo "1508"]
[BlackElo "1339"]
[PlyCount "65"]
[EventDate "2019.08.08"]
[EventType "swiss"]
[EventRounds "8"]
[EventCountry "CAN"]

1. e4 c5 2. Nf3 d6 3. d4 cxd4 4. Nxd4 Nf6 5. Nc3 a6 6. Be3 e6 7. f4 Be7 8. Be2
b5 9. Bf3 Nfd7 10. O-O Bb7 11. e5 d5 12. Qe1 Bh4 13. Bf2 Be7 14. f5 Nf8 15.
fxe6 fxe6 16. Bg4 Qd7 17. Bh4 Nc6 18. Bxe7 Qxe7 19. Nxc6 Bxc6 20. Ne2 Qg5 21.
Qg3 h5 22. Bf3 Qxg3 23. Nxg3 g6 24. Ne2 Nd7 25. Nd4 Nxe5 26. Rae1 Nxf3+ 27.
Rxf3 Bb7 28. Rxe6+ Kd8 29. Rxg6 Rc8 30. Rf7 Rb8 31. Ne6+ Ke8 32. Rgg7 Bc8 33.
Re7# 1-0

[Event "CAN-ch U20 U1800"]
[Site "Toronto CAN"]
[Date "2019.08.09"]
[Round "3.33"]
[White "Ruchinskaya, Valerie"]
[Black "Guo, Anni"]
[Result "1-0"]
[WhiteElo "1460"]
[BlackElo "1300"]
[PlyCount "117"]
[EventDate "2019.08.08"]
[EventType "swiss"]
[EventRounds "8"]
[EventCountry "CAN"]

1. d4 Nf6 2. c4 e6 3. Nc3 Bb4 4. Qc2 d5 5. Bg5 Nc6 6. e3 h6 7. Bh4 Bd7 8. cxd5
exd5 9. Bd3 a6 10. a3 Bxc3+ 11. bxc3 Be6 12. h3 Qe7 13. Nf3 O-O 14. O-O Rad8
15. a4 a5 16. Rfb1 b6 17. Ne5 Rd6 18. Bg3 Nh5 19. Nxc6 Rxc6 20. Bh2 Bd7 21. Be2
Nf6 22. Bb5 Re6 23. c4 dxc4 24. Bxc4 Rc6 25. Qb3 Ne4 26. Rb2 Bf5 27. f3 Ng5 28.
e4 Bd7 29. Kh1 Kh8 30. Bd5 Be6 31. Bxe6 Rxe6 32. Rc1 Rc8 33. Rbc2 c5 34. d5 Rg6
35. Qc4 Qd7 36. Rb1 Kh7 37. Rcb2 Qb7 38. h4 Ne6 39. dxe6 Rxe6 40. Rb5 Qa7 41.
Qb3 Rcc6 42. Bg1 Qc7 43. Bh2 Qa7 44. Qc4 Qa6 45. Rd1 Qb7 46. Rb2 Qa7 47. Rbd2
Re7 48. Qb5 Qb7 49. Rd6 Re6 50. Rd7 Qc8 51. Rxf7 Qg8 52. Rdd7 Rg6 53. Be5 Rce6
54. Bc3 Kh8 55. Qa6 Kh7 56. Qb7 Kh8 57. Rxg7 Rxg7 58. Rxg7 Qxg7 59. Qxg7# 1-0

[Event "CAN-ch U20 U1800"]
[Site "Toronto CAN"]
[Date "2019.08.09"]
[Round "3.35"]
[White "Singh, Anya"]
[Black "Chen, Vincent"]
[Result "0-1"]
[WhiteElo "1243"]
[BlackElo "1368"]
[PlyCount "62"]
[EventDate "2019.08.08"]
[EventType "swiss"]
[EventRounds "8"]
[EventCountry "CAN"]

1. e4 e6 2. d4 d5 3. Nc3 Nf6 4. e5 Nfd7 5. Nf3 c5 6. Be3 Nc6 7. Bb5 Qb6 8. Bxc6
bxc6 9. Rb1 cxd4 10. Bxd4 c5 11. Be3 d4 12. Nxd4 cxd4 13. Bxd4 Qc7 14. Qf3 Bb7
15. Qg3 h5 16. O-O h4 17. Nb5 Qc6 18. Nd6+ Bxd6 19. Qxg7 O-O-O 20. f3 Rdg8 21.
Qxf7 Bxe5 22. Bxe5 Nxe5 23. Qf4 Qxc2 24. Rbc1 Rxg2+ 25. Kh1 Rxh2+ 26. Qxh2
Bxf3+ 27. Rxf3 Qxc1+ 28. Kg2 Rg8+ 29. Kh3 Nxf3 30. Qe2 Qh1+ 31. Qh2 Rg3# 0-1

[Event "CAN-ch U20 U1800"]
[Site "Toronto CAN"]
[Date "2019.08.09"]
[Round "3.36"]
[White "Kaleem, Shayaan"]
[Black "Yao, Henry"]
[Result "0-1"]
[WhiteElo "1387"]
[BlackElo "1475"]
[PlyCount "78"]
[EventDate "2019.08.08"]
[EventType "swiss"]
[EventRounds "8"]
[EventCountry "CAN"]

1. d4 d5 2. c4 e6 3. Nc3 Nf6 4. cxd5 exd5 5. Bg5 Be7 6. e3 c6 7. Bd3 h6 8. Bh4
Nbd7 9. Nge2 O-O 10. O-O Qc7 11. Bg3 Bd6 12. Bxd6 Qxd6 13. h3 b6 14. b3 Bb7 15.
Ng3 g6 16. Nce2 c5 17. Qd2 Kg7 18. Rac1 cxd4 19. Nxd4 Kh7 20. b4 Ne4 21. Nxe4
dxe4 22. Be2 a6 23. a3 Rac8 24. h4 h5 25. f3 exf3 26. Bxf3 Bxf3 27. Rxf3 Ne5
28. Rf4 Rxc1+ 29. Qxc1 Nd3 30. Qf1 Nxf4 31. Qxf4 Qxf4 32. exf4 Rd8 33. Nc6 Rd6
34. Ne7 Rd3 35. a4 Ra3 36. b5 Rxa4 37. bxa6 Rxa6 38. Nc6 b5 39. Nb4 Ra4 0-1

[Event "CAN-ch U20 U1800"]
[Site "Toronto CAN"]
[Date "2019.08.09"]
[Round "3.37"]
[White "Zhou, Johnson"]
[Black "Lin, Joey"]
[Result "0-1"]
[WhiteElo "1358"]
[BlackElo "1450"]
[PlyCount "100"]
[EventDate "2019.08.08"]
[EventType "swiss"]
[EventRounds "8"]
[EventCountry "CAN"]

1. e4 c5 2. c3 d6 3. d4 cxd4 4. cxd4 Nf6 5. Nc3 e6 6. Bg5 Be7 7. Bd3 a6 8. f4
h6 9. Bh4 b5 10. Nf3 Bb7 11. a3 Nbd7 12. O-O O-O 13. Bc2 d5 14. e5 Ne4 15. Nxe4
dxe4 16. Bxe7 Qxe7 17. Nd2 f5 18. Qe2 Rfd8 19. Rad1 Nb6 20. Nb3 Na4 21. Bb1 Bd5
22. Na5 Qc7 23. Qd2 Nxb2 24. Rc1 Nc4 25. Qb4 Qxa5 26. Rxc4 Qxb4 27. Rxb4 Bc4
28. Rd1 Rd7 29. Kf2 Rad8 30. Ke3 Rd5 31. Bc2 a5 32. Rb2 Kf7 33. a4 b4 34. Bb3
Bxb3 35. Rxb3 Rc8 36. Ke2 Rc2+ 37. Kf1 Ra2 38. h3 Rxa4 39. g4 g6 40. Ke2 Ra2+
41. Ke3 Rc2 42. Rh1 Rb5 43. gxf5 gxf5 44. Ra1 Rh2 45. Raa3 Rxh3+ 46. Ke2 Rxb3
47. Rxb3 a4 48. Rb1 a3 49. Kd2 a2 50. Ra1 b3 0-1

[Event "CAN-ch U20 U1800"]
[Site "Toronto CAN"]
[Date "2019.08.09"]
[Round "3.38"]
[White "Xu, Xinge"]
[Black "Khan, Riley"]
[Result "0-1"]
[WhiteElo "1282"]
[BlackElo "1445"]
[PlyCount "128"]
[EventDate "2019.08.08"]
[EventType "swiss"]
[EventRounds "8"]
[EventCountry "CAN"]

1. e4 c5 2. Nf3 e6 3. c3 d5 4. e5 Nc6 5. d4 Nge7 6. Bb5 Qb6 7. Be2 Nf5 8. g4
Nfe7 9. Nbd2 cxd4 10. cxd4 Nxd4 11. Qa4+ Ndc6 12. Nb3 Bd7 13. Qf4 Ng6 14. Qg3
Bb4+ 15. Kf1 O-O 16. Kg2 Qc7 17. Bf4 f6 18. Be3 fxe5 19. Bd3 Rxf3 20. Kxf3 e4+
21. Bxe4 dxe4+ 22. Kg2 Bd6 23. Qh3 Rf8 24. Rac1 Rf3 25. Qh5 Rxe3 26. fxe3 Qb6
27. Kf2 Nce5 28. Rc2 Nd3+ 29. Ke2 Ngf4+ 30. exf4 Nxf4+ 31. Ke1 Nxh5 32. gxh5
Bb5 33. Kd1 Bf4 34. Re1 Qd8+ 35. Nd2 Bd3 36. Rc3 Qg5 37. Nxe4 Bxe4 38. Rxe4
Qd5+ 39. Kc2 Qxe4+ 40. Kb3 b5 41. a3 Qd5+ 42. Kc2 Bxh2 43. Rc8+ Kf7 44. Rc3 Be5
45. Rd3 Qc4+ 46. Kd2 Bxb2 47. Rf3+ Ke7 48. Rd3 Qc1+ 49. Ke2 Bxa3 50. Rd1 Qc5
51. Rd3 Qxh5+ 52. Kd2 Qd5 53. Rxd5 exd5 54. Kc2 h5 55. Kb3 h4 56. Kxa3 h3 57.
Kb4 Kd6 58. Ka5 h2 59. Ka6 h1=R 60. Kxb5 Rc1 61. Ka6 Rb1 62. Kxa7 Kc6 63. Ka8
Kc7 64. Ka7 Ra1# 0-1

[Event "CAN-ch U20 U1800"]
[Site "Toronto CAN"]
[Date "2019.08.09"]
[Round "4.22"]
[White "Jeyakumar, Bhavatharshan"]
[Black "Srinivas, Atharva"]
[Result "1/2-1/2"]
[WhiteElo "1657"]
[BlackElo "1720"]
[PlyCount "41"]
[EventDate "2019.08.08"]
[EventType "swiss"]
[EventRounds "8"]
[EventCountry "CAN"]

1. e4 e5 2. Nf3 Nc6 3. Bb5 a6 4. Ba4 Nf6 5. O-O Be7 6. Re1 b5 7. Bb3 d6 8. c3
O-O 9. h3 Na5 10. Bc2 c5 11. d4 Qc7 12. d5 Bd7 13. Nbd2 Rfc8 14. Nf1 Rab8 15.
Bg5 h6 16. Bh4 b4 17. cxb4 cxb4 18. Rc1 Qb6 19. Ne3 Rb7 20. Qd2 Rbc7 21. Bd3
1/2-1/2

[Event "CAN-ch U20 U1800"]
[Site "Toronto CAN"]
[Date "2019.08.09"]
[Round "4.23"]
[White "Wang, Eric"]
[Black "Darvekar, Yash"]
[Result "1-0"]
[WhiteElo "1530"]
[BlackElo "1628"]
[PlyCount "119"]
[EventDate "2019.08.08"]
[EventType "swiss"]
[EventRounds "8"]
[EventCountry "CAN"]

1. e4 c5 2. c3 g6 3. d4 cxd4 4. cxd4 Bg7 5. Nf3 d6 6. h3 Nf6 7. Nc3 O-O 8. Bc4
Nc6 9. O-O Na5 10. Bd3 Bd7 11. Be3 Qc8 12. Qe2 a6 13. Rac1 Qd8 14. Rfe1 Nc6 15.
Qd2 Nb4 16. Bc4 b5 17. Bb3 a5 18. a3 Na6 19. e5 b4 20. exf6 bxc3 21. fxe7 cxd2
22. exd8=Q dxc1=Q 23. Qxf8+ Rxf8 24. Rxc1 Rb8 25. Bc4 Bb5 26. Bxb5 Rxb5 27.
Rc8+ Bf8 28. Bh6 Rb8 29. Rxb8 Nxb8 30. Bxf8 Kxf8 31. Kf1 Ke7 32. Ke2 Nc6 33.
Kd3 d5 34. Kc3 f6 35. b4 axb4+ 36. axb4 Kd6 37. Nd2 Kc7 38. Nb1 Kb6 39. Na3 Na7
40. h4 h5 41. f4 f5 42. g3 Kc6 43. Kb3 Kb6 44. Ka4 Nc8 45. Nc2 Nd6 46. Ne3 Kc6
47. Nd1 Nb5 48. Ka5 Nxd4 49. Nc3 Nb3+ 50. Ka6 d4 51. b5+ Kd6 52. Nd1 Nc5+ 53.
Ka7 Kc7 54. b6+ Kd6 55. Nb2 Kd5 56. Na4 Nd7 57. b7 d3 58. Nb6+ Kd4 59. Nxd7 d2
60. b8=Q 1-0

[Event "CAN-ch U20 U1800"]
[Site "Toronto CAN"]
[Date "2019.08.09"]
[Round "4.24"]
[White "Zhang, Henry X"]
[Black "Petrovic, Milos"]
[Result "0-1"]
[WhiteElo "1589"]
[BlackElo "1610"]
[PlyCount "84"]
[EventDate "2019.08.08"]
[EventType "swiss"]
[EventRounds "8"]
[EventCountry "CAN"]

1. e4 e6 2. d4 d5 3. Nc3 Nf6 4. e5 Nfd7 5. f4 c5 6. Nf3 Nc6 7. Be3 Be7 8. Be2
O-O 9. O-O b6 10. Qd2 Qc7 11. Nb5 Qb8 12. c3 a6 13. Na3 f6 14. Rac1 Bb7 15. Bd3
Qc7 16. Qc2 g6 17. Qf2 Rf7 18. Qg3 Kh8 19. Qh3 f5 20. Qg3 Rg8 21. Ng5 Bxg5 22.
Qxg5 Qd8 23. Qh6 Qf8 24. Qh3 h6 25. Rf3 Rh7 26. Kh1 g5 27. g4 h5 28. gxf5 g4
29. Qh4 gxf3 30. fxe6 Qe7 31. Qh3 Nf8 32. Bxh7 Qxh7 33. f5 Nxe5 34. dxe5 f2 35.
Bd4 Qh6 36. Rf1 Qg5 37. Qg3 Qxf5 38. Qxf2 Qe4+ 39. Qf3 cxd4 40. cxd4 Nxe6 41.
h3 Nxd4 42. Qxe4 dxe4 0-1